| 000 -LEADER |
| fixed length control field |
01273pab a2200181 454500 |
| 008 - FIXED-LENGTH DATA ELEMENTS--GENERAL INFORMATION |
| fixed length control field |
180718b2002 xxu||||| |||| 00| 0 eng d |
| 100 ## - MAIN ENTRY--PERSONAL NAME |
| Personal name |
Chattopadhyay, Paresh |
| 245 ## - TITLE STATEMENT |
| Title |
Marx on capital's globalisation: the dialectic of negativity |
| 260 ## - PUBLICATION, DISTRIBUTION, ETC. |
| Date of publication, distribution, etc. |
2002 |
| 300 ## - PHYSICAL DESCRIPTION |
| Extent |
p.1839-842. |
| 362 ## - DATES OF PUBLICATION AND/OR SEQUENTIAL DESIGNATION |
| Dates of publication and/or sequential designation |
11 May |
| 520 ## - SUMMARY, ETC. |
| Summary, etc. |
Drawing on Hegel, in his Parisian Manuscripts of 1844 Marx first attempted to show how capitalism not only contained within itself conditions for its own negation, but also created elements of the new society that would supersede it. Under capitalism, labour, like other factors, too is converted to a commodity - `surplus labour' with exchange value; while production is not bound by limited needs or needs that limit it. Thus, the more capitalism develops, the more it is compelled to produce on a scale which has little do do with immediate demands but depends instead on a continuous enlargement of the world market - leading to `capital's globalisation'. Yet, even as capitalism seeks to enlarge itself, it creates its own grave diggers - the proletariat who finally revolt against the system. Reproduced. |
| 650 ## - SUBJECT ADDED ENTRY--TOPICAL TERM |
| Topical term or geographic name entry element |
Capital |
| 650 ## - SUBJECT ADDED ENTRY--TOPICAL TERM |
| Topical term or geographic name entry element |
Globalization |
| 650 ## - SUBJECT ADDED ENTRY--TOPICAL TERM |
| Topical term or geographic name entry element |
Marx, Karl |
| 773 ## - HOST ITEM ENTRY |
| Main entry heading |
Economic and Political Weekly |
| 909 ## - |
| -- |
52326 |